000 00687nam a2200181Ia 4500
008 151202s9999||||xx |||||||||||||| ||und||
082 _bPNVM-39989
100 _aचिपळूणकर विष्णुशास्त्री.
245 _aनिबंामाला -(खं1).
260 _b"वरदा बुकस् , पुणे."
260 _c1993
300 _a628
600 _aचिपळूणकर विष्णुशास्त्री.
630 _aनिबंामाला -(खं1).
700 _aचिपळूणकर विष्णुशास्त्री.
730 _aनिबंामाला -(खं1).
942 _cBOOK
999 _c1305941
_d1305938